El bucanero [juego] /

Guardado en:
Formato: Objeto Físico
Publicado: Argentina : industria argentina, , [199?]
Materias:
Etiquetas: Agregar Etiqueta
Sin Etiquetas, Sea el primero en etiquetar este registro!
LEADER 00811nrm a22001695g 4500
001 CEM.cems019154
008 130507b199?##################0###0#####d
005 20220829182600.0
003 CEMS
245 0 0 |a El bucanero [juego] /  |c Bucanero. 
260 |a Argentina :  |b industria argentina,  |c , [199?] 
300 |a 1 juego (60 tarjetas-contenido, 360 fichas-letras, 20 monedas p.lateadas, 15 monedas doradas) ; en caja 21 x 13 x 7 cm. + instrucciones. 
500 |a Para 3, 4, 5, 6, ó 7, jugadores a partir de 8 años y adultos objetivo:formar la palabra correspondiente a cada una de las 5 tarjetas en el menor tiempo y sin errores por ronda. 
082 0 4 |a J793.734 
653 |a 1. juegos de formación de palabras y definiciones 
653 |a 2. juegos de palabras 
859 |a CEMS  |b BIB. CEMS - Ludoteca  |h J793.734  |i B85  |p 050.92  |t Ej.1